000 00198nam a2200085Ia 4500
008 191206s9999 xx 000 0 und d
090 _aQA43.G58
245 0 _aG Foundations of GMAT Math
260 _cc2009
999 _c16031
_d16031